Aprendamos del Gran Maestro. (Registro nro. 12788)

Detalles MARC
000 -LIDER
fixed length control field 00610nam a22001937a 4500
003 - IDENTIFICACDOR DE NÚMERO DE CONTROL
control field DO-SdBNP
005 - DATE AND TIME OF LATEST TRANSACTION
control field 20180307131810.0
008 - ELEMENTOS DE LONGITUD FIJA
fixed length control field 171108b 2003 mx a ||||| |||| 00| 0 spa d
020 ## - ISBN
International Standard Book Number 9685004447
040 ## - FUENTE DE CATALOGACIÓN
Agencia que crea de manera original el registro BPMSU
Idioma de catalogación spa
Agencia que realiza la transcripción BPMSU
092 ## - LOCALLY ASSIGNED DEWEY DECIMAL CALL NUMBER
Número de clasificación xxxx
Número de ítem (Cutter) xxxx
240 00 - TITULO UNIFORME
Título uniforme Learn from the Great Teacher.
Idioma de una obra Español
245 00 - MENCIÓN DE TITULO
Título Aprendamos del Gran Maestro.
Mención de responsabilidad Watch Tower Bible and Tract Society of Pennsylvania.
260 ## - PUBLICACIÓN, DISTRIBUCIÓN, ETC. (PIE DE IMPRENTA)
Lugar de publicación, distribución, etc Mexico :
Nombre del editor, distribuidor, etc. Editores D.R.,
Fecha de publicación, distribución, etc 2003.
300 ## - DESCRIPCIÓN FÍSICA
Extensión [256] p. :
Otros detalles físicos il. ;
Dimensiones 23 cm.
942 ## - ADDED ENTRY ELEMENTS (KOHA)
Source of classification or shelving scheme Dewey Decimal Classification
Koha item type Libros
945 ## - INFORMACIÓN DE PROCESAMIENTO LOCAL
Información de procesamiento local Inventariado 2017 /LP
956 ## - LOCAL ELECTRONIC LOCATION AND ACCESS (OCLC)
Nombre de host LOPEREZ
Número de acceso 10
Información de compresión 20171108
Trayectoria 0041
Existencias
Withdrawn status Lost status Source of classification or shelving scheme Damaged status Not for loan Collection code Home library Current library Date acquired Source of acquisition Total Checkouts Barcode Date last seen Price effective from Koha item type
    Dewey Decimal Classification     Colección Juvenil General Biblioteca Pública Metropolitana Salomé Ureña Biblioteca Pública Metropolitana Salomé Ureña 11/08/2017 Donado por FUNDI   BPMSU17110078 11/08/2017 11/08/2017 Libros